000 00674nam a22002177a 4500
001 6087
003 OSt
005 20170921101517.0
007 tu
008 161220s2001 fi ||||| |||||||||||eng d
024 7 _a6087
_2RID
024 7 _a6087
_2RSN (alt)
040 _cOSt
100 1 _aSutela, Pekka
245 1 0 _aManaging capital flows in Estonia and Latvia
260 _aHelsinki :
_bInstitute for Economies in Transition, Bank of Finland (BOFIT),
_c2001.
490 1 _aBOFIT Discussion Papers
_v17/2001
830 0 _tBOFIT Discussion Papers
_v17/2001
_w7888
942 _cP
999 _c5735
_d5735